00474cam a2200169ua 4500001000400000008003900004020001800043040000900061082001200070245005600082250000900138260004400147300002300191653002200214653004100236700002700277971110425n ii |||gr||||Z||||||eng a81-7099-879-4 cMAIN a332.1531 aRegional rural banks and developmentcby Naqi Uddin a1st. aNew Delhi:bMittal publications,c2003. avii, 282p.:c20cm. aPolitical science aRegional rural banks and development aUddin, Naqi.,eAuthor.